[Event "Teplice op"]
[Site "Teplice"]
[Date "2023.06.14"]
[Round "5"]
[White "Vrana, Frantisek"]
[Black "Gedajlovic, Max"]
[Result "1/2-1/2"]
[WhiteElo "2213"]
[BlackElo "2436"]
[PlyCount "84"]
[EventDate "2023.06.10"]
[EventType "swiss"]
[EventRounds "9"]
[EventCountry "CZE"]
[SourceTitle "CBM 214 Extra"]
[Source "ChessBase"]
[SourceDate "2023.07.31"]
[SourceVersion "1"]
[SourceVersionDate "2023.07.31"]
[SourceQuality "1"]

1. e4 e5 2. Nf3 Nc6 3. Nc3 Nf6 4. Bb5 Nd4 5. Nxd4 exd4 6. e5 dxc3 7. exf6 Qxf6 8. dxc3 c6 9. Bd3 d5 10. 0-0 Be6 11. Qh5 Be7 12. Be3 Qh4 13. Qxh4 Bxh4 14. f4 0-0 15. Bd4 Rfe8 16. g3 Bd8 17. Rae1 Bb6 18. Bxb6 axb6 19. a3 Bh3 20. Rxe8+ Rxe8 21. Ra1 Kf8 22. Kf2 Be6 23. Re1 g6 24. Re5 Ke7 25. g4 Kd6 26. Re3 Rh8 27. Be2 Ra8 28. Kg3 Bd7 29. Bd3 Ra4 30. h3 b5 31. Re1 Ra8 32. Re3 Ra4 33. Re1 Ra8 34. Re3 Rh8 35. Be2 Be6 36. Bf3 Bd7 37. Re1 Be6 38. Re3 Rg8 39. Re1 Bd7 40. Re3 Be6 41. Re1 Bd7 42. Re3 Be6 1/2-1/2

[Event "Teplice op"]
[Site "Teplice"]
[Date "2023.06.10"]
[Round "1"]
[White "Gedajlovic, Max"]
[Black "Matsumura, Cocoro"]
[Result "1-0"]
[WhiteElo "2436"]
[BlackElo "1989"]
[PlyCount "51"]
[EventDate "2023.06.10"]
[EventType "swiss"]
[EventRounds "9"]
[EventCountry "CZE"]
[SourceTitle "CBM 214 Extra"]
[Source "ChessBase"]
[SourceDate "2023.07.31"]
[SourceVersion "1"]
[SourceVersionDate "2023.07.31"]
[SourceQuality "1"]

1. d4 d5 2. c4 e6 3. Nf3 Nf6 4. Nc3 dxc4 5. e4 Bb4 6. Bxc4 Nxe4 7. 0-0 Nxc3 8. bxc3 Be7 9. Bf4 0-0 10. Re1 Nc6 11. Qc2 b6 12. Rad1 Bd6 13. Bg5 Be7 14. Bc1 Na5 15. Bd3 h6 16. Ne5 Bb7 17. Qe2 Bg5 18. f4 Bh4 19. Rf1 Bf6 20. Qh5 Qe8 21. Ng4 Bd8 22. f5 f6 23. Qh3 h5 24. fxe6 Bd5 25. Nh6+ gxh6 26. Qf5 1-0